000 00238nam a2200097Ia 4500
008 120527s9999 xx 000 0 und d
100 _aOlopade D. O.
245 _bProf. Buba Garegy Bajoga. A born Administrator.
260 _bUP
942 _cBK
999 _c5917
_d5917